| 000 | 00371nam a22001577a 4500 | ||
|---|---|---|---|
| 003 | OSt | ||
| 005 | 20240312123205.0 | ||
| 008 | 171116b xxu||||| |||| 00| 0 eng d | ||
| 020 | _a9781259051180 | ||
| 040 | _cSEROSOFT | ||
| 100 | _aGUPTA SL | ||
| 245 | _aBUSINESS RESEARCH METHODS | ||
| 260 |
_aNEW DELHI _bTATA MC GRA HILL _c2012 |
||
| 300 | _a440 | ||
| 942 |
_2ddc _c01 |
||
| 999 |
_c40892 _d40892 |
||